Mi pensin̤ Requisitos y cl̀culos que debo conocer para obtenerla 2018 /

Detalles Bibliográficos
Autor principal: Martn̕ez Gutiřrez, Francisco Javier
Formato: eBook
Lenguaje:español
Publicado: Ciudad de Mx̌ico: Ediciones Fiscales ISEF, 2018
Materias:
Acceso en línea:Acceso restringido

MARC

LEADER 00000nam a22000007a 4500
005 2018041400430.0
007 cr|||| ||||
008 180414s2018 mx |||||s|||| 00||0 spa d
020 |a 978-607-406-990-7 
035 |a 21345 
040 |a vLex 
090 |c 7765  |d 7765 
100 1 |a Martn̕ez Gutiřrez, Francisco Javier 
245 1 0 |a Mi pensin̤  |h [Recurso electrn̤ico] :  |b Requisitos y cl̀culos que debo conocer para obtenerla 2018 /  |c Francisco Javier Martn̕ez Gutiřrez 
256 |a Servicio en ln̕ea 
260 |a Ciudad de Mx̌ico:  |b Ediciones Fiscales ISEF,  |c 2018 
300 |a 1 recurso electrn̤ico 
500 |a Este libro est ̀dirigido a todos aquellos que esperan obtener una pensin̤ digna en los da̕s de madurez en retribucin̤ a los aǫs de trabajo; tomando en consideracin̤ que las pensiones no son n︢icamente por cesanta̕ o vejez, tambiň existen las que estǹ relacionadas con riesgos o accidentes de trabajo, as ̕como las pensiones por enfermedad general que no son ocasionadas con motivo de trabajo. 
506 1 |a Disponible solo en los productos indicados  |d vLex Global  |d vLex Global (Academic Edition, excluding Law Schools)  |d vLex Global (U.S. Academic Edition, Law Schools)  |d vLex Global (U.S. Academic Edition, excluding Law Schools)  |d vLex Global (Academic Edition, Law Schools) 
650 0 4 |a Derecho Laboral y Seguridad Social  |z Mx̌ico 
650 0 4 |a Derecho Fiscal  |z Mx̌ico 
740 0 |a vLex Libros (Servicio en ln̕ea) 
856 4 0 |u http://vlex.com/source/mi-pension-requisitos-y-calculos-que-debo-conocer-para-obtenerla-2018-21345  |z Acceso restringido 
942 |c BOOK 
999 0 |a Labor Law and Social Security 
999 0 |a Tax Law